000 00461nam a2200181 i 4500
001 146726
003 ES-MaACL
005 20230906201641.0
007 t|
008 070917s1907 it ||||1| ita d
080 _a009
100 1 _aTrojano, P. R.
_9111487
245 1 3 _aLe basi dell'umanismo /
_cP.R. Trojano.
260 _aTorino :
_bFratelli Bocca,
_c1907.
300 _a244 p. ;
_c25 cm.
650 1 4 _aHumanismo.
_913502
852 _aES-MaACL
_jF-5953
999 _c146726
_d146726